B D CHAURASIA'S HUMAN ANATOMY (Record no. 23954)

MARC details
000 -LEADER
fixed length control field 00390nam a22001697a 4500
003 - CONTROL NUMBER IDENTIFIER
control field SGT
020 ## - INTERNATIONAL STANDARD BOOK NUMBER
International Standard Book Number 9789354664779
082 ## - DEWEY DECIMAL CLASSIFICATION NUMBER
Classification number 611
Item number B22G
100 ## - MAIN ENTRY--PERSONAL NAME
Personal name GARG, KRISHNA
245 ## - TITLE STATEMENT
Title B D CHAURASIA'S HUMAN ANATOMY
250 ## - EDITION STATEMENT
Edition statement 9TH
260 ## - PUBLICATION, DISTRIBUTION, ETC. (IMPRINT)
Place of publication, distribution, etc NEW DELHI
Name of publisher, distributor, etc CBS PUB.
Year of Publication 2022
300 ## - PAGE DESCRIPTION
No. of Pages 363, 226
650 ## - SUBJECT ADDED ENTRY--TOPICAL TERM
Topical term or geographic name as entry element ANATOMY
653 ## - KEYWORDS--INDEX TERM
Keyword term HUMAN , ANATOMY, HUMAN ANATOMY
942 ## - ADDED ENTRY ELEMENTS (KOHA)
Source of classification or shelving scheme Dewey Decimal Classification
Koha item type Books
942 ## - ADDED ENTRY ELEMENTS (KOHA)
-- 126
Holdings
Withdrawn status Lost status Source of classification or shelving scheme Damaged status Not for loan Collection code Home library Current library Shelving location Date acquired Vendor Name Cost, normal purchase price Volume Information (Serial or Books or Non-Book Material) SGTU Bill Number Total Checkouts Full call number Accession No. (Barcode) Date last seen Date last borrowed Bill Date Koha item type
    Dewey Decimal Classification     AYURVEDA SGT FA-FP Library SGT FA-FP Library Text Book 07/06/2023 ABC PVT. 1125.00 3 SGTU 16642 34 611 B22G FA11451 21/01/2025 21/01/2025 20/05/2023 Books
    Dewey Decimal Classification     AYURVEDA SGT FA-FP Library SGT FA-FP Library Text Book 07/06/2023 ABC PVT. 1125.00 3 SGTU 16642 10 611 B22G FA11452 21/01/2025 21/01/2025 20/05/2023 Books
    Dewey Decimal Classification     AYURVEDA SGT FA-FP Library SGT FA-FP Library Text Book 07/06/2023 ABC PVT. 1125.00 3 SGTU 16642 21 611 B22G FA11453 13/10/2025 13/10/2025 20/05/2023 Books
    Dewey Decimal Classification     AYURVEDA SGT FA-FP Library SGT FA-FP Library Text Book 07/06/2023 ABC PVT. 1125.00 3 SGTU 16642 25 611 B22G FA11454 14/10/2025 14/10/2025 20/05/2023 Books
    Dewey Decimal Classification     AYURVEDA SGT FA-FP Library SGT FA-FP Library Text Book 07/06/2023 ABC PVT. 1125.00 3 SGTU 16642 30 611 B22G FA11455 25/05/2026 09/05/2026 20/05/2023 Books
    Dewey Decimal Classification     AYURVEDA SGT FA-FP Library SGT FA-FP Library Text Book 07/06/2023 ABC PVT. 1125.00 4 SGTU 16642 2 611 B22G FA11456 20/01/2025 20/01/2025 20/05/2023 Books
    Dewey Decimal Classification     AYURVEDA SGT FA-FP Library SGT FA-FP Library Text Book 07/06/2023 ABC PVT. 1125.00 4 SGTU 16642 4 611 B22G FA11457 20/01/2025 20/01/2025 20/05/2023 Books
    Dewey Decimal Classification     AYURVEDA SGT FA-FP Library SGT FA-FP Library Text Book 07/06/2023 ABC PVT. 1125.00 4 SGTU 16642 5 611 B22G FA11458 06/01/2026 23/12/2025 20/05/2023 Books
    Dewey Decimal Classification     AYURVEDA SGT FA-FP Library SGT FA-FP Library Text Book 07/06/2023 ABC PVT. 1125.00 4 SGTU 16642 1 611 B22G FA11459 21/01/2025 20/01/2025 20/05/2023 Books
    Dewey Decimal Classification     AYURVEDA SGT FA-FP Library SGT FA-FP Library Text Book 07/06/2023 ABC PVT. 1125.00 4 SGTU 16642 8 611 B22G FA11460 22/05/2026 08/05/2026 20/05/2023 Books